| 000 | 00543nam a22001577a 4500 | ||
|---|---|---|---|
| 005 | 20120213130829.0 | ||
| 020 |
_a8176356794 _c180.00 |
||
| 035 | _aB-93871 | ||
| 037 |
_aDPL _bENG |
||
| 100 |
_aBrown, Martin C. _941749 |
||
| 245 |
_aThe complete guide to solaris 9 / _cby Martin C. Brown |
||
| 260 |
_aNew Delhi _bTechmedia _c2003 |
||
| 300 |
_axix, 388p _c22 cms. |
||
| 942 |
_2ddc _cEN _h005.43 _mBRO |
||
| 999 |
_c62630 _d62630 |
||